| 000 | 00604nam a2200205 a 4500 | ||
|---|---|---|---|
| 001 | 1954 | ||
| 003 | CDMR | ||
| 005 | 20151030104202.0 | ||
| 008 | 130130s1982||||||||||||||||||||||||||||d | ||
| 020 | _a9500262126 | ||
| 040 |
_aCDMR _bcat _cCDMR |
||
| 100 | 1 |
_aBorden, Georges A. _91284 |
|
| 245 | 1 | 3 |
_aLa comunicación humana _b: el proceso de interrelación _cGeorge A. Borden, John D. Stone |
| 260 |
_aBuenos Aires _c1982 _bEl Ateneo |
||
| 300 | _a274 p. | ||
| 650 | 0 | 4 |
_92367 _aComunicació _xAspectes psicològics |
| 650 | 0 | 4 |
_9388 _aComunicació humana |
| 700 | 1 |
_94444 _aStone, John D. |
|
| 942 |
_cMON _2udc |
||
| 999 |
_c1954 _d1954 |
||